Detalles MARC
| 000 -LEADER |
| longitud fija campo de control |
02184aab a2200457 a 4500 |
| 003 - IDENTIFICADOR DE NUMERO DE CONTROL |
| control del campo |
AR-RoUNA |
| 008 - CAMPO DE CONTROL - LIBROS |
| longitud fija campo de control |
140529||||||||||||||||| |||| 0|||| d |
| 022 ## - ISSN |
| ISSN |
0210-2080 |
| 040 ## - ORIGEN DE LA CATALOGACION |
| Agencia que cataloga la obra original |
AR-RoUNA |
| Idioma en que se cataloga |
spa |
| 041 ## - CODIGO DE IDIOMA |
| Codigo de idioma del texto / sonido o titulo separado |
spa |
| 044 ## - CODIGO DE PAIS / ENTIDAD PRODUCTORA |
| Codigo MARC del pais |
sp |
| 080 ## - CDU |
| Numero de clasificacion |
72.036 |
| 092 ## - SIGNATURA TOPOGRAFICA |
| Libristica |
LL792 |
| 245 ## - TITULO PROPIAMENTE DICHO |
| Titulo |
On Diseño |
| Numero de la parte / seccion de una obra |
Nº 210 |
| 260 ## - EDITORIAL - PUBLICACION, DISTRIBUCION, ETC. (Pie de imprenta) |
| Lugar de publicacion, distribucion, etc |
Barcelona : |
| Nombre del editor, distribuidor, etc |
On Diseño, |
| Fecha de publicacion |
1998 |
| 300 ## - DESCRIPCION FISICA |
| Extension |
219 p. : |
| Otros detalles fisicos |
planos, |
| -- |
plantas, |
| -- |
fot. col., |
| Dimensiones |
29x24 cm |
| 505 0# - NOTA DE CONTENIDO CON FORMATO |
| Título principal |
Pavimentos ligeros, Parquets y Moquetas. p. 80 |
| 505 0# - NOTA DE CONTENIDO CON FORMATO |
| Título principal |
El Grupo Abet / PARQCOLOR SHORT - LA ALPUJARREÑA - DOS ESTRATOS. p. 81 |
| 505 0# - NOTA DE CONTENIDO CON FORMATO |
| Título |
NUEVO SEMINARIO DIOCESANO EN SEVILLA. |
| 505 0# - NOTA DE CONTENIDO CON FORMATO |
| Título principal |
Carbajal Navarro José Antonio / Nuevo seminario diocesano en Sevilla. p. 104 |
| 505 0# - NOTA DE CONTENIDO CON FORMATO |
| Título principal |
Ballesteros José/ Acerca del nuevo seminario de Sevilla. p. 121 |
| 505 0# - NOTA DE CONTENIDO CON FORMATO |
| Título |
ARQUITECTURAS RESIDENCIALES |
| 505 0# - NOTA DE CONTENIDO CON FORMATO |
| Título principal |
Artigues Ramón y Sanabria Ramón / Edificios de viviendas en Gava. (Barcelona). p. 138 |
| 505 0# - NOTA DE CONTENIDO CON FORMATO |
| Título principal |
Paredes Grosso Manuel y Soriano Gil Albarellos Fernando. AUIA (Arquitectos, Urbanistas e ingenieros Asociados).p. 146 |
| 505 0# - NOTA DE CONTENIDO CON FORMATO |
| Título principal |
Tusquets, Diaz y Asociados /Edificio de Viviendas en Montigalá. (Badalona. Barcelona).p. 156 |
| 505 0# - NOTA DE CONTENIDO CON FORMATO |
| Título principal |
Espinet Miquel y Ubach Antoni /Conjunto de Viviendas en Llorets de Mar. Girona. p. 166 |
| 505 0# - NOTA DE CONTENIDO CON FORMATO |
| Título principal |
Francesh Carles/ Edificio de viviendas en Barcelona. p. 176 |
| 505 0# - NOTA DE CONTENIDO CON FORMATO |
| Título principal |
Minguez Martínez Enrique y López Sánchez Antonio/ Ocho viviendas de promoción pública en Totana. (Murcia). p. 184 |
| 505 0# - NOTA DE CONTENIDO CON FORMATO |
| Título principal |
Alberich Raimundo / Viviendas de protección oficial de Madrid. p. 192 |
| 505 0# - NOTA DE CONTENIDO CON FORMATO |
| Título principal |
Alberich Raimundo / Edificios de Viviendas en Getafe (Madrid).p. 200 |
| 505 0# - NOTA DE CONTENIDO CON FORMATO |
| Título principal |
García Márquez Pura. Rubiño Ignacio y Rubiño Luis / Viviendas de promoción pública en los Palacios. (Sevilla). p. 208 |
| 650 4# - MATERIA - TERMINO TEMATICO |
| Término tematico general |
Arquitectura contemporanea |
| 9 (RLIN) |
12617 |
| 650 4# - MATERIA - TERMINO TEMATICO |
| Término tematico general |
Diseño |
| 9 (RLIN) |
3694 |
| 700 1# - ENTRADA SECUNDARIA - NOMBRES PERSONALES |
| Nombre personal |
Llopis, Carme |
| Función |
dir. |
| 9 (RLIN) |
12618 |
| 773 ## - ENTRADA DEL ITEM MAYOR |
| Entrada principal |
On Diseño |
| Lugar, editorial y fecha de la publicación |
Barcelona, AramEdiciones S.A, |
| Vol. - nro. (mes-año), pág. |
210 ( 2000 ). p.219 |
| ISSN |
0210-2080 |
| 908 ## - SOPORTE |
| Soporte |
Imp |
| 930 ## - ACCESION |
| Numero de accesion (NR) |
6171 |
| 942 ## - FUENTE DE CLASIFICACION |
| Clasificacion |
Universal Decimal Classification |
| Tipo de item |
Analítica |
| 945 ## - INFORMACION DE PROCESAMIENTO |
| Codigo del operador |
MBP |
| Fecha de ingreso o modificacion |
2019-02-19 |
| 980 ## - EQUIVALENCE OR CROSS-REFERENCE-SERIES STATEMENT--PERSONAL NAME/TITLE [LOCAL, CANADA] |
| Linkage |
1 |
| Personal name |
Maricel Allasia |
| Field link and sequence number |
1 |
| Miscellaneous information |
Maricel Allasia |